Catalog

Record Details

Catalog Search



Robert Ludlum's The Treadstone resurrection. #1 / ... Read More

Hood, Joshua,(author.).
Series: Treadstone ; 1

Available copies

  • 1 of 1 copy available at LARL/NWRL Consortium.
  • 1 of 1 copy available at Lake Agassiz Regional Library. (Show preferred library)

Current holds

0 current holds with 1 total copy.

Show Only Available Copies
Location Call Number / Copy Notes Barcode Shelving Location Status Due Date
Detroit Lakes Public Library HOO (Text) 33500013210216 Main Available -

Record details

  • ISBN: 9780525542551
  • ISBN: 0525542558
  • Physical Description: 375 pages ; 24 cm
  • Publisher: New York : G.P. Putnam's Sons, [2020].

Content descriptions

Summary, etc.:
"The first novel in an explosive new series ... Read More
Subject: United States. Central Intelligence Agency > Fiction.
Assassins > Fiction.
Genre: Adventure fiction.
Suspense fiction.
Spy fiction.
Action and adventure fiction.
Thrillers (Fiction)
LDR 01653cam a22004218i 4500
001315263
003LARL_NWRL_CONSORTIUM
00520200220183521.0
008190826t20202019nyu 000 1 eng
010 . ‡a 2019036505
040 . ‡aDLC ‡beng ‡erda ‡cDLC ‡dRIOSL ‡dIK2
020 . ‡a9780525542551 ‡q(hardcover)
020 . ‡a0525542558 ‡q(hardcover)
020 . ‡z9780525542568 ‡q(ebook)
035 . ‡a(OCoLC)1114273184
042 . ‡apcc
08200. ‡a813/.6 ‡223
1001 . ‡aHood, Joshua, ‡eauthor. ‡0(LARL_NWRL_CONSORTIUM)223921
24510. ‡aRobert Ludlum's The Treadstone resurrection. ‡n#1 / ‡cJoshua Hood.
24630. ‡aTreadstone resurrection
264 1. ‡aNew York : ‡bG.P. Putnam's Sons, ‡c[2020].
264 4. ‡c©2019
300 . ‡a375 pages ; ‡c24 cm
336 . ‡atext ‡btxt ‡2rdacontent
337 . ‡aunmediated ‡bn ‡2rdamedia
338 . ‡avolume ‡bnc ‡2rdacarrier
4900 . ‡aTreadstone ; ‡v1
520 . ‡a"The first novel in an explosive new series inspired by Robert Ludlum's Bourne universe, The Treadstone Resurrection introduces an unforgettable hero and the shadowy world that forged him.."-- ‡cProvided by publisher.
61010. ‡aUnited States. ‡bCentral Intelligence Agency ‡vFiction.
650 0. ‡aAssassins ‡vFiction. ‡0(LARL_NWRL_CONSORTIUM)163322
655 7. ‡aAdventure fiction. ‡2gsafd
655 7. ‡aSuspense fiction. ‡2gsafd
655 7. ‡aSpy fiction. ‡2lcgft
655 7. ‡aAction and adventure fiction. ‡2lcgft
655 7. ‡aThrillers (Fiction) ‡2lcgft
77608. ‡iOnline version: ‡aHood, Joshua, ‡tRobert Ludlum's the Treadstone resurrection ‡dNew York : G.P. Putnam's Sons, 2020. ‡z9780525542568 ‡w(DLC) 2019036506
901 . ‡a315263 ‡bOCoLC ‡c315263 ‡tbiblio ‡soclc

Additional Resources